000
00306nam a22001337a 4500
082
_a
894.812.1
_b
CHER/R
100
_a
CHERUSSERY
245
_a
RUKMINEESWAMVARAM
246
_a
RUKMINEESWAMVARAM
_b
RUKMINEESWAMVARAM
260
_a
INDIA
_b
POORNA
_c
2002
300
_a
99
650
_a
MALAYALAM POEM
942
_c
BK
999
_c
8902
_d
8902